Memoria

Este documento constituye la memorica del seminario internacional sobre la reforma política necesaria: el fortalecimiento de la negociación parlamentaria y el diálogo social, coordinado entre la Presidencia de la República y la Asamblea Legislativa, que contó con la participación de una importante d...

ver descrição completa

Na minha lista:
Detalhes bibliográficos
Autor Corporativo: Costa Rica. Ministerio de la Presidencia
Formato: Texto
Publicado em: San José: IBERGOP
Assuntos:
Tags: Adicionar Tag
Sem tags, seja o primeiro a adicionar uma tag!

MARC

LEADER 00000 a a2200000 04500
001 32619
003
040
090 |a 203200  
110 |a Costa Rica. Ministerio de la Presidencia  
245 |a Memoria  
260 |a San José:   |b IBERGOP  
300 |a 134 p.  
520 |a Este documento constituye la memorica del seminario internacional sobre la reforma política necesaria: el fortalecimiento de la negociación parlamentaria y el diálogo social, coordinado entre la Presidencia de la República y la Asamblea Legislativa, que contó con la participación de una importante delegación de países iberoamericanos. En este seminario se abordaron temas como visión presente y futura de la gobernabilidad democrática, la Sala Constitucional, reformas al Poder Judicial de Costa Rica, la negociación parlamentaria, el diálogo social institucionalizado y el intercambio de buenas prácticas tendientes a fortalecer la gobernabilidad democrática  
650 |a GOBERNABILIDAD  
650 |a DEMOCRACIA  
650 |a ADMINISTRACION PUBLICA  
650 |a POLITICA GUBERNAMENTAL  
650 |a ORGANOS LEGISLATIVOS  
650 |a REFORMA POLITICA  
650 |a SEMINARIOS  
650 |a COSTA RICA  
999 |c 10500  |d 10500